000 00387nam a2200109 a 4500
008 120416s9999 xx |||||||||||||| || u
050 _aTS 191.8 Hod
100 _aHodges, Bernard
245 1 0 _aIndustrial robotics
350 _a0.00
995 _D0.00
_FCBU-MAIN LIBRARY (Kitwe)
_H1
_I14.95
_UAVAILABLE
_ZMain Library Open Access Collection
999 _c46763
_d46763